Missing Word: Classic Movies of 1962 Quiz Stats

Quiz Updated Mar 5, 2014

Challenge
Share
Tweet
Embed
Score 0/24 Timer 04:00
0 Plays Today
Title Missing Word % Correct
To Kill a _____Mockingbird
96.7%
_____ of ArabiaLawrence
92.3%
How the _____ Was WonWest
92.1%
_____ on the BountyMutiny
84.3%
Dr. _____No
83.9%
Cape _____Fear
83.8%
The _____ CandidateManchurian
81.1%
The Man Who _____ Liberty ValanceShot
78.3%
Whatever Happened to _____ Jane?Baby
77.3%
_____ on the Wild SideWalk
76.3%
Long Day's Journey Into _____Night
74.7%
The Miracle _____Worker
71%
Title Missing Word % Correct
Days of _____ and RosesWine
69.1%
The Longest _____Day
66%
_____ of AlcatrazBirdman
64.7%
The _____ to Hong KongRoad
63.9%
Follow That _____Dream
62%
That Touch of _____Mink
29.5%
Lonely are the _____Brave
29.2%
Sweet Bird of _____Youth
28.8%
The _____ ManMusic
28.1%
Requiem for a _____Heavyweight
25.2%
The _____ of the Long Distance RunnerLoneliness
24.6%
Jules and _____Jim
19.2%

Today's Daily Dose

Missing Word
For Dummies Books

Word Ladder
Ariana Grande

Quick Pick
1970s Authors

On This Day
June 21st II

You're not logged in!

Compare scores with friends on all Sporcle quizzes.
Join for Free
OR
Log In

You Might Also Like...

Show Comments

Extras

Top Quizzes Today


Score Distribution

Your Account Isn't Verified!

In order to create a playlist on Sporcle, you need to verify the email address you used during registration. Go to your Sporcle Settings to finish the process.

Report this User

Report this user for behavior that violates our Community Guidelines.

Details: